00580nam a2200169Ia 450000500170000000800410001702000150005808200130007310000120008624500320009826000330013030000140016350001170017794200060029495200950030099900150039520241106015704.0240331s9999 xx 000 0 und d a0141007214 bFRAa823 aFrank,A 2aThe Diary of a young girl : aEnglandbPenguin Booksc1995 a426 p .,  aThe Diary of a Young Girl Remains the single most poignant true-life story to emerge from the second World War. cL 001040708LaWERCLbWERCLcSSCd2024-03-31l0o 823 FRAp6382r2024-03-31w2024-03-31yL c5642d5642